| 000 | 00803nam a2200241Ia 4500 | ||
|---|---|---|---|
| 003 | OSt | ||
| 005 | 20220923212913.0 | ||
| 006 | a|||||r|||| 00| 0 | ||
| 007 | ta | ||
| 008 | 220922b |||||||| |||| 00| 0 hin d | ||
| 024 | _a156,751 | ||
| 037 | _cTextual | ||
| 040 |
_aARTS _cARTS _bhin |
||
| 041 |
_2hin _ahin |
||
| 082 | _aO152:gxN5, L8 | ||
| 100 |
_aप्रसाद, वासुदेव नंदन, संपा. _9162815 |
||
| 245 | 0 | _aशुक्लोत्तर समीक्षा | |
| 246 | _aShuklottar samīkṣhā | ||
| 260 |
_aपटना _b अनुपम प्रकाशन _c1978 |
||
| 300 |
_a295 Ik`0 _ccm. |
||
| 942 |
_hO152:gxN5, L8 _cTEXL _2CC |
||
| 999 |
_c312007 _d312007 |
||